|
|
|
|
| LEADER |
00610nam a22001691a 4500 |
| 020 |
|
|
|a 9788121510547
|c 0.00
|
| 040 |
|
|
|a SSUS - Library - Kalady
|
| 082 |
|
|
|a 305.4
|b SHE/F
|
| 100 |
|
|
|a Shefali Moitra
|
| 245 |
|
|
|a Feminist thought androcentrism, communication and objectivity
|h [Text]
|
| 260 |
|
|
|a Kolkata
|b Munshiram Manoharlal
|c 2002
|
| 300 |
|
|
|a 156p.
|
| 600 |
|
|
|a Feminism
|
| 852 |
|
|
|h 305.4
|i SHE/F
|p 041726
|9 250.00
|t 0
|
| 942 |
|
|
|c BK
|
| 999 |
|
|
|c 14609
|d 14609
|
| 952 |
|
|
|0 0
|1 0
|4 0
|6 305_400000000000000_SHE_F
|7 0
|9 20825
|a SSUS
|b SSUS
|d 2015-01-08
|g 250.00
|l 3
|m 2
|o 305.4 SHE/F
|p 041726
|r 2018-11-01
|s 2018-10-31
|v 0.00
|w 2015-01-08
|y BK
|